| 000 | 00481nam a2200181Ia 4500 | ||
|---|---|---|---|
| 001 | 19063 | ||
| 005 | 20260306171716.0 | ||
| 008 | 260306s9999||||xx |||||||||||||| ||und|| | ||
| 041 | _aESP | ||
| 082 |
_a658.8 _bF62 |
||
| 100 |
_aFletcher, Tony _eAUT |
||
| 245 | 0 |
_aPolítica de precios: _bcómo crear el máximo valor a través de una fijación de precios efectiva |
|
| 260 | _c2002 | ||
| 300 |
_apágs. : _ccm. |
||
| 650 | _aGEN | ||
| 654 | _aCAN | ||
| 942 |
_cLIB _dJUS _fJUS _2ddc _n |
||
| 999 |
_c19063 _d19063 |
||